Tous les niveaux de Captain Toad: Treasure Tracker - Statistiques

Statistiques générales
  • Ce quiz a été pris 3 fois
  • Le résultat moyen est 13 sur 64
Statistiques - réponses
Mission % Correct
Le secret du domaine doré
100%
Bourg Maskass
50%
Carrousel arc-en-ciel
50%
Dangereuse dérive
50%
Discoflipper
50%
Explorotation à la bibliothèque
50%
Forteresse bloc de roc
50%
Jardin Hautenbas
50%
La cache des Maskass
50%
La remontée des marches
50%
Le fiasco de Wingo
50%
Le fort de Wingo
50%
Le maître du mont Souflardent
50%
Palais de la double cerise
50%
Panneaux pas nets
50%
Première quête au col Cueillette
50%
Retraite secrète au Far West
50%
Rouleaux infernaux
50%
Ruée sur la dégringole-allée
50%
Tactiblocs tactiques
50%
Tour nocturne chez les Kamek
50%
Tours à tire-larigot
50%
Tours de la double cerise
50%
Vacances d'été dans l'eau salée
50%
Versants versatiles
50%
Baie des Piranha rampantes
0%
Balade glagla des Coccinelly
0%
Blizzard sur l'Etoile Express
0%
Blocs et bips dans les airs
0%
Blocs, roches, et super pioches
0%
Brûlantes bascules
0%
Clair de lune au bois Bougeotte
0%
Désert Hautenbas
0%
Explorotation au bastion Bill Balle
0%
Explorotation au fort flottant
0%
Explorotation aux ruines mécaniques
0%
Fort tactile de Bill Balle
0%
Grimpette désuète
0%
Guet-apens dans la galerie hantée
0%
Jets de navets en wagonnet
0%
La patrouille des Mastosouches
0%
La revanche de Draggadon
0%
La volière des Pico Condors
0%
Les rails du crépuscule
0%
Marathon sur la route Magma
0%
Micmac sur le monte-groupe
0%
Naufrage sur échafaudages
0%
Panique sur le transgalactique
0%
Planète pivotante
0%
Plateau Champiroc
0%
Pluie de navets sur la jungle
0%
Portes toquées au manoir hanté
0%
Promenade sur dalles dépliantes
0%
Rails et vertige dans les vestiges
0%
Sanctuaire des troncs creux
0%
Tactiblocs labyrinthiques
0%
Temple-tournis des Passerapoint
0%
Tohu-bohu au fort Tirepousse
0%
Tortueux tuyaux transparents
0%
Tracas sur toits tactiles
0%
Trempette au parc aquatique
0%
Un bon sens de la rotation
0%
Vague à l'âme au manoir Tounoir
0%
Vol au-dessus du canal empoisonné
0%
Aucun quiz correspondant
Distribution des résultats
% des personnes avec chaque résultat
Percentile par nombre de réponses
Votre historique - résultats
Vous n’avez pas pris ce quiz